| 000 | 00912nam a22002777a 4500 | ||
|---|---|---|---|
| 001 | 4054 | ||
| 003 | FISKH | ||
| 005 | 20240604102552.0 | ||
| 008 | 240603b cb ||||| |||| 00| 0 eng d | ||
| 020 | _a0717288676 | ||
| 040 |
_aFISKH _beng _cFISKH _dFISKH |
||
| 050 | _aPZ7.Z715 | ||
| 082 | _a813.54 | ||
| 100 | _aZoehfeld, Kathleen Weidner | ||
| 245 |
_aSafe at home with Pooh : _bMy very first Winnie the pooh / _cKathleen Weidner Zoehfeld ; Illustrated by Robbin Cuddy |
||
| 260 |
_aNew York : _bDisney Press, _c1998 |
||
| 300 |
_a32 unnumbered pages ; _bcolor illustrations ; _c20 cm |
||
| 505 | _aO | ||
| 520 | _aChristopher Robin teaches Pooh and Piglet some of the safety rules regarding strangers. | ||
| 521 | 8 |
_a600
_bLexile estimate |
|
| 521 | 8 |
_aO
_bRaz-Plus |
|
| 650 |
_aPicture Book _xHealth and Selfcare |
||
| 700 | _aCuddy, Robbin | ||
| 942 |
_2ddc _cBK _n0 |
||
| 999 |
_c4054 _d4054 |
||